000 00564nam a2200205Ia 4500
003 OSt
005 20240402095527.0
008 210707s1983 xx 000 0 und d
040 _cAL
041 _aKannada
082 _aK894.1 KAYS
100 _aKAYYARA KINJANNA RAI
_dಕಯ್ಯಾರ ಕಿಞ್ಞಣ್ಣ ರೈ
_9157706
245 _aShrimukha.
_bಶ್ರೀಮುಖ
260 _aBengaluru
_bVishva Kannada Sammelana
_c1983
300 _aviii,76 p
365 _b2
_cINR
563 _aPB
650 _aKannada Poetry
_9157707
942 _2ddc
_cBK
999 _c180113
_d180113